| 000 | 00364nam a2200145Ia 4500 | ||
|---|---|---|---|
| 008 | 250701s9999 xx 000 0 und d | ||
| 082 | _a297.63 HAY | ||
| 100 | _aHaykal, Husein | ||
| 245 | 4 | _aThe Life of Muhammad (S.A.W) | |
| 250 | _a2nd ed. | ||
| 260 |
_aMalaysia: _bIslamic Book Trust, _c1993 |
||
| 300 | _a1xxxvii, 639p. | ||
| 600 | _aBiography | ||
| 942 | _cGB | ||
| 999 |
_c31511 _d31511 |
||